000 01441nam a2200325 a 4500
001 ebr10674811
003 CaPaEBR
006 m o u
007 cr cn|||||||||
008 150303s2013 enkado sb 001 0 eng d
020 _z9780470751848
020 _z9781118502310 (e-book)
040 _aCaPaEBR
_cCaPaEBR
035 _a(OCoLC)841908706
050 1 4 _aTK6553
_b.S214 2013eb
082 0 4 _a621.3841/1
_223
100 1 _aSalous, Sana.
245 1 0 _aRadio propagation measurement and channel modelling
_h[electronic resource] /
_cSana Salous.
260 _aChichester, England :
_bWiley,
_cc2013.
300 _a1 online resource (xxi, 399 p.) :
_bill. (some col.), charts, photographs.
504 _aIncludes bibliographical references at the end of each chapters and index.
533 _aElectronic reproduction.
_bPalo Alto, Calif. :
_cebrary,
_d2015.
_nAvailable via World Wide Web.
_nAccess may be limited to ebrary affiliated libraries.
588 _aDescription based on online resource; title from title page (ebrary, viewed May 9, 2013).
650 0 _aShortwave radio
_xTransmitters and transmission
_xMeasurement.
650 0 _aRadio wave propagation
_xMeasurement.
650 0 _aWireless communication systems.
655 7 _aElectronic books.
_2local
710 2 _aebrary, Inc.
856 4 0 _uhttp://site.ebrary.com/lib/rucke/Doc?id=10674811
_zAn electronic book accessible through the World Wide Web; click to view
999 _c57258
_d57258